Testing the fixity of the labour input under non competitive behaviour in Italian and French manufacturing.

Analýza flexibility alebo stability trhu pracovných síl a stupne konkurencie výstupných trhov na príklade talianskeho a francúzskeho spracovateľského priemyslu. Model testovania stability trhu práce formou merania práce podľa celkového počtu odrobených hodín. Vzťah medzi stabilitou trhu práce a nedo...

Full description

Saved in:
Bibliographic Details
Main Author: Cardani, A.M
Other Authors: Galeotti, M.
Format: Book Chapter
Language:English
Subjects:
Tags: Add Tag
No Tags, Be the first to tag this record!

MARC

LEADER 00000naa a2200000 4500
001 r010823
005 20221130112740.8
041 0 |a eng 
044 |a AT 
245 1 0 |a Testing the fixity of the labour input under non competitive behaviour in Italian and French manufacturing.  |c A.M. Cardani, M. Galeotti 
520 |a Analýza flexibility alebo stability trhu pracovných síl a stupne konkurencie výstupných trhov na príklade talianskeho a francúzskeho spracovateľského priemyslu. Model testovania stability trhu práce formou merania práce podľa celkového počtu odrobených hodín. Vzťah medzi stabilitou trhu práce a nedokonalou konkurenciou. 
610 2 0 |a trh práce 
610 2 0 |a konkurencia 
610 2 0 |a vstupy 
610 2 0 |a výstupy 
610 2 0 |a Taliansko 
610 2 0 |a Francúzsko 
610 2 0 |a analýza trhu 
610 2 0 |a modely trhu 
610 2 0 |a sily pracovné 
610 2 0 |a stabilizácia trhu 
610 2 0 |a priemysel spracovateľský 
610 2 0 |a testovanie hypotéz 
100 1 |a Cardani, A.M. 
700 1 |a Galeotti, M.